000 00588nam a2200169 i 4500
001 62133
003 ES-MaACL
005 20230906164619.0
007 t|
008 031118s1963 sp ||||1| spa d
100 1 _aFerber, Edna.
_949273
245 1 0 _aObras /
_cEdna Ferber.
260 _aBarcelona :
_bVergara,
_c[1963]
300 _a1011 p., 15 lám. ;
_c24 cm.
505 8 _aContiene: Teatro flotante / traducción, Fernando Trias Beristain. Cimarrón / traducción, Juan José Permanyer. Los americanos son así / traducción, Mariano Tudela
852 _aES-MaACL
_jC-23867
_bR.52660
999 _c62133
_d62133